Eurovision 2026: Translate Into English - Statistics

General Stats
  • This quiz has been taken 365 times
  • The average score is 10 of 13
Answer Stats
Hint Answer % Correct
Eins, Zwei, Drei One, Two, Three
98%
Før vi går hjem Before we go home
92%
Tanzschein Dance License
89%
Nân Mother
89%
Liekinheitin Flamethrower
85%
Sólo quiero más I just want more
83%
Nova zora New Morning
83%
Ferto Bring It
82%
Jalla More
81%
Per sempre sì Forever Yes
80%
Ridnym Relatives
70%
Kraj mene Next to Me
62%
Ēnā In the Shadow
46%
No matching quizzes found
Score Distribution
Percent of People with Each Score
Percentile by Number Answered
Your Score History
You have not taken this quiz